Southville International School and Colleges
Your cart is empty.
  • Cart
  • Lists
    Public lists Eva Luna New books Lux_list list_1
    Your lists Log in to create your own lists
  • Log in to your account
  • Your cookies
  • Search history
Southville International School and Colleges
  • Advanced search
  • Recent comments
  • Most popular
  • Libraries

Log in to your account

Log in with GOOGLE


If you do not have an external account, but do have a local account, you can still log in:

  1. Home
  2. MARC view: Noah's ark /
Normal view MARC view ISBD view

Noah's ark / (Record no. 102865)

[ view plain ]
MARC details
000 -LEADER
fixed length control field 00525nam a2200181 a 4500
005 - DATE AND TIME OF LATEST TRANSACTION
control field 20140412111244.0
008 - FIXED-LENGTH DATA ELEMENTS--GENERAL INFORMATION
fixed length control field 010602s19uu xx 00 eng d
020 ## - INTERNATIONAL STANDARD BOOK NUMBER
International Standard Book Number 1-85830492-X
050 ## - LIBRARY OF CONGRESS CALL NUMBER
Classification number ER
Item number No66 1999
100 ## - MAIN ENTRY--PERSONAL NAME
Personal name Campbell-Todd, Deborah
245 ## - TITLE STATEMENT
Title Noah's ark /
Statement of responsibility, etc stories re-told by Deborah Campbell-Todd.
260 ## - PUBLICATION, DISTRIBUTION, ETC. (IMPRINT)
Place of publication, distribution, etc London :
Name of publisher, distributor, etc Grandreams Limited,
Date of publication, distribution, etc 1999.
300 ## - PHYSICAL DESCRIPTION
Extent 1v. (unp.) ; ill.
440 ## - SERIES STATEMENT/ADDED ENTRY--TITLE
Title Good night sleep
650 ## - SUBJECT ADDED ENTRY--TOPICAL TERM
Topical term or geographic name as entry element Bible stories, O.T.
650 ## - SUBJECT ADDED ENTRY--TOPICAL TERM
Topical term or geographic name as entry element Bible Character, O.T.
Holdings
Withdrawn status Lost status Damaged status Use restrictions Home library Current library Shelving location Date acquired Source of acquisition Total Checkouts Full call number Barcode Date last seen Price effective from Koha item type
        Elizalde Library Elizalde Library Easy Reading Section 06/02/2001     ER No66 1999 E3035 04/12/2014 04/12/2014 Books

Noah's ark /

APA

Campbell-Todd D., . (1999). Noah's ark. London: Grandreams Limited.

Chicago

Campbell-Todd Deborah, . 1999. Noah's ark. London: Grandreams Limited.

Harvard

Campbell-Todd D., . (1999). Noah's ark. London: Grandreams Limited.

MLA

Campbell-Todd Deborah, . Noah's ark. London: Grandreams Limited. 1999.

  • Place hold
  • Print
  • Cite
  • Add to your cart (remove)
  • Save record
    BIBTEX Dublin Core MARCXML MARC (non-Unicode/MARC-8) MARC (Unicode/UTF-8) MARC (Unicode/UTF-8, Standard) MODS (XML) RIS
  • More searches
    Search for this title in:
    Other Libraries (WorldCat) Other Databases (Google Scholar) Online Stores (Bookfinder.com) Open Library (openlibrary.org)

Exporting to Dublin Core...

SOUTHVILLE LIBRARY

Southville International School and Colleges Library

1281 Tropical Ave. Cor. Luxembourg St., BF Homes International, Las Pinas City

Tel. No. 8256374 / 252358 Loc. 117/146

Powered by Koha